Language Quiz

Random Language or Letter Quiz

Second Letter Z Quiz Stats

 Plays Quiz Updated Aug 29, 2012

Also try: Catchin' Some Z's
Challenge
Share
Tweet
Embed
Score 0/22 Timer 06:00
1 Play Today
Clue Word % Correct
Singer OsbourneOzzy
96.5%
Old Central American empireAztec
74.2%
Prague nativeCzech
72.1%
BlueAzure
70.1%
The Wizard prison in Harry PotterAzkaban
68.5%
Atmospheric layer that contains trioxygenOzone
67.7%
Israeli submachinegunUZI
62.3%
Frank Beard was their only member without a long beard ZZ Top
60.6%
Romanov rulerCzar
56%
Missouri/Arkansas mountainsOzarks
55.2%
Comedian EddieIzzard
49.1%
Clue Word % Correct
'Good' band, Better Than ____Ezra
46.8%
Doubly landlocked Asian nationUzbekistan
46.3%
Caspian Sea nationAzerbaijan
44.2%
Flowering shrub of the rhododendron familyAzalea
41.1%
Chinese war authority SunTzu
40.2%
Biblical prophet; his book follows LamentationsEzekiel
39.2%
Chinese region and spicy cuisineSzechuan
37.9%
Parks and Recreation's AnsariAziz
34.5%
Portuguese island groupAzores
34.1%
His credits include Chief Wiggum and The Blue RajaAzaria
29.8%
Greek pita dip with yogurt and cucumbers Tzatziki
29.6%

You're not logged in!

Compare scores with friends on all Sporcle quizzes.
Join for Free
OR
Log In

You Might Also Like...

Show Comments

Extras

Top Quizzes Today


Score Distribution

Your Account Isn't Verified!

In order to create a playlist on Sporcle, you need to verify the email address you used during registration. Go to your Sporcle Settings to finish the process.

Report this User

Report this user for behavior that violates our Community Guidelines.

Details: